| 000 | 00463nam a2200181Ia 4500 | ||
|---|---|---|---|
| 008 | 131103s9999 xx 000 0 und d | ||
| 040 | _aLoreto College | ||
| 041 | _aEnglish | ||
| 082 |
_aF/CRA _bLCBED/6302 |
||
| 100 | _aCrane, Stephen | ||
| 245 | 4 |
_aThe red badge of courage _cStephen Crane |
|
| 260 |
_aLondon _bNelson _c1967 |
||
| 300 |
_a77p. _c 19cm. |
||
| 440 | _aStreamline Books | ||
| 650 | _aEnglish Fiction | ||
| 850 | _aLCBED/F/CRA | ||
| 942 | _cBK | ||
| 999 |
_c32527 _d83006 |
||